El conde de Montecristo /
Guardado en:
| Autor Principal: | |
|---|---|
| Otros Autores: | , , , |
| Formato: | Libro |
| Idioma: | Undetermined |
| Publicado: |
México :
Larousse,
2006.
|
| Edición: | 1a ed. 2a reimp. |
| Series: | Clásica
|
| Materias: | |
| Etiquetas: |
Agregar Etiqueta
Sin Etiquetas, Sea el primero en etiquetar este registro!
|
| LEADER | 01049nam a22002775a 4500 | ||
|---|---|---|---|
| 001 | CEM.cems021150 | ||
| 008 | 240508s2006####mx############000#0#und#d | ||
| 005 | 20240508185553.0 | ||
| 245 | 1 | 0 | |a El conde de Montecristo / |c Alejandro Dumas ; adaptado por Telma Guimaraes Castro Andrade; traducido por Beatriz Mira Andreu y Mariano Sánchez-Ventura ; ilustrado por Cecilia Iwashita. |
| 250 | |a 1a ed. 2a reimp. | ||
| 260 | |a México : |b Larousse, |c 2006. | ||
| 300 | |a 64 p. | ||
| 490 | 1 | |a Clásica | |
| 500 | |a A partir de 9 años. | ||
| 500 | |a Incluye actividades. | ||
| 020 | |a 9702207304 | ||
| 100 | 1 | |a Dumas, Alejandro. | |
| 700 | 1 | |a Castro Andrade, Telma Guimaraes; adapt. | |
| 700 | 1 | |a Andreu, Beatriz Mira; trad. | |
| 700 | 1 | |a Sánchez-Ventura, Mariano; trad. | |
| 700 | 1 | |a Iwashita, Cecilia; il. | |
| 653 | |a Literatura francesa | ||
| 653 | |a Novela juvenil | ||
| 653 | |a Literatura juvenil | ||
| 859 | |a CEMS |b BIB. CEMS - Inicial y Primaria |h 843 |i D891-1 |k IP |p 2199 |t Ej.1 | ||
| 859 | |a CEMS |b BIB. CEMS - Inicial y Primaria |h 843 |i D891-1 |k IP |p 3583 |t Ej.2 | ||
